书目信息 |
| 题名: |
十九颗星
|
|
| 作者: | 普里尔 著 ;吴水生 译 | |
| 分册: | ||
| 出版信息: | 北京 军事译文出版社 1985 |
|
| 页数: | 423页 | |
| 开本: | 19cm | |
| 丛书名: | ||
| 单 册: | ||
| 中图分类: | E712.9 | |
| 科图分类: | ||
| 主题词: | 军事家--生平事迹--美国--现代 , 军事 | |
| 电子资源: | ||
| ISBN: | ||
| 000 | 00736nam0 2200265 45 | |
| 001 | 0185016284 | |
| 005 | 20040422152157.9 | |
| 010 | @dCNY1.75 | |
| 091 | @a5319.33 | |
| 100 | @a19951107d1985 em y0chiy0121 ea | |
| 101 | 1 | @achi@ceng |
| 102 | @aCN@b110000 | |
| 105 | @ay z 000yy | |
| 106 | @ar | |
| 200 | 10 | @a十九颗星@e对美国四位名将之研究@Ashi jiu ke xing@f(美)普里尔著@g吴水生等译 |
| 210 | @a北京@c军事译文出版社@d1985 | |
| 215 | @a423页@d19cm | |
| 606 | @a军事家@x生平事迹@y美国@z现代 | |
| 606 | 0 | @a军事 |
| 690 | @aE712.9 | |
| 701 | 1 | @a普里尔@4著@Apu li er |
| 702 | 0 | @a吴水生@4译@Awu shui sheng |
| 801 | 0 | @aCN@b深圳图书馆@c20040422 |
| 801 | 2 | @aCN@bNLC@c20040422 |
| 905 | @f1@b168827@dE712.9@f2@b168829-830@e16 | |
| 十九颗星:对美国四位名将之研究/(美)普里尔著/吴水生等译.-北京:军事译文出版社,1985 |
| 423页;19cm |
| ISBN :CNY1.75 |
| ● |
| 相关链接 |
|
|
|
|
正题名:十九颗星
索取号:E712.9/16
 
预约/预借
| 序号 | 登录号 | 条形码 | 馆藏地/架位号 | 状态 | 备注 |
| 1 | 0168827 | 001262804 | 第一借阅区/ [索取号:E712.9/16] | 在馆 | |
| 2 | 0168828 | 001843429 | 密集书库/ [索取号:E712.9/16] | 在馆 | |
| 3 | 0168829 | 001262788 | 第一借阅区/ [索取号:E712.9/16] | 在馆 | |
| 4 | 0168830 | 001262779 | 第一借阅区/ [索取号:E712.9/16] | 在馆 | |
| 5 | 0168831 | 001262797 | 第一样本阅览室/ [索取号:E712.9/16] | 在馆 |